00493caa a22002172a 4500001000900000003001100009008004700020092001500067100002100082700002200103245004000125245001900165300001000184440001200194440000600206260001300212650001200225650001400237942000900251999001500260 000015 AR-FADEU 311216n############xxu####################dd aPP(361)TRA aSamuniski, Fanny aMazzotti, Mariela bMaternidad y violencia ideológica aTrabajo social a18-20 vaño 1 n4 cfeb 1987 aFAMILIA aVIOLENCIA cPPGR c2793d2793